000 006340000a22001690004500
041 0 _aSPA
082 0 4 _aG 278 C74889c
110 1 _aI Conferencia Evangélica Latinoamericana
245 1 0 _aEl cristianismo evangélico en la America Latina : Informe y Resoluciones de la Primera Conferencia Evangélica Latinoamericana 18 al 30 de Julio de 1949, Buenos Aires Argentina / Conferencia Evangélica Latinoamericana
260 _aBuenos Aires, Argentina : La Aurora
300 _a103 Pag
001 8489
942 _cBK
999 _c38634
_d38634
336 _atexto
_btxt
_2rdacontent
337 _2rdamedia
_asin mediación
_bn
338 _2rdacarrier
_avolumen
_bnc